| 000 | 00467nam a2200193Ia 4500 | ||
|---|---|---|---|
| 008 | 151121s9999||||xx |||||||||||||| ||und|| | ||
| 082 | _a823/NAI | ||
| 082 | _bHNW-46507 | ||
| 100 | _aNaipaul V। S। | ||
| 245 | 2 | _aA House For Mr Biswas | |
| 260 | _bNew York । | ||
| 260 | _c-- | ||
| 300 | _a583 | ||
| 600 | _aNaipaul V। S। | ||
| 630 | _aA House For Mr Biswas | ||
| 700 | _aNaipaul V। S। | ||
| 730 | _aA House For Mr Biswas | ||
| 942 | _cBOOK | ||
| 999 |
_c1233061 _d1233058 |
||